Sports Quiz

Random Sports Quiz

2017 March Madness Teams Quiz Stats

Quiz not verified by Sporcle

Challenge
Share
Tweet
Embed
Score 0/68 Timer 10:00
0 Plays Today
Hint Answer % Correct
SouthNorth Carolina
99.1%
EastDuke
98.3%
MidwestKansas
97.4%
EastFlorida
96.6%
SouthKentucky
96.6%
EastVillanova
95.7%
WestGonzaga
95.7%
SouthUCLA
94.8%
WestArizona
94%
MidwestOregon
92.2%
MidwestMichigan
92.2%
WestFlorida St
91.4%
MidwestLouisville
90.5%
EastWisconsin
88.8%
MidwestMichigan St
88.8%
EastVirginia
87.9%
EastSouthern California
87.9%
WestWest Virginia
87.1%
EastBaylor
85.3%
EastSouth Carolina
85.3%
SouthKansas St
85.3%
MidwestPurdue
85.3%
WestNorthwestern
84.5%
SouthMinnesota
83.6%
WestVanderbilt
81.9%
SouthButler
81%
EastSouthern Methodist
80.2%
WestFGCU
80.2%
MidwestMiami
80.2%
EastProvidence
79.3%
WestMaryland
79.3%
MidwestRhode Island
79.3%
EastVirginia Tech
78.4%
SouthMiddle Tennessee
77.6%
Hint Answer % Correct
WestXavier
76.7%
SouthArkansas
76.7%
WestNotre Dame
75.9%
MidwestIowa St
75.9%
SouthWichita St
75%
MidwestCreighton
73.3%
MidwestOklahoma St
73.3%
WestPrinceton
72.4%
WestSouth Dakota St
72.4%
WestSt Mary's
71.6%
SouthCincinnati
71.6%
EastMarquette
70.7%
EastMount St. Mary's
70.7%
SouthNorthern Kentucky
70.7%
WestVCU
69.8%
WestBucknell
69%
WestNorth Dakota
68.1%
EastUNC Wilmington
67.2%
EastTroy
66.4%
MidwestVermont
66.4%
SouthWake Forest
65.5%
MidwestUC Davis
63.8%
SouthDayton
62.9%
SouthSeton Hall
62.9%
EastNew Orleans
62.1%
SouthKent St
59.5%
EastEastern Tennessee St
57.8%
MidwestJacksonville St
57.8%
EastNew Mexico St
56.9%
MidwestNevada
56.9%
MidwestIona
56.9%
MidwestNC Central
53.4%
SouthWinthrop
52.6%
SouthTexas Southern
47.4%

You're not logged in!

Compare scores with friends on all Sporcle quizzes.
Sign Up with Email
OR
Log In

You Might Also Like...

Show Comments

Extras

Top Quizzes Today


Score Distribution

Your Account Isn't Verified!

In order to create a playlist on Sporcle, you need to verify the email address you used during registration. Go to your Sporcle Settings to finish the process.

Report this User

Report this user for behavior that violates our Community Guidelines.

Details: